| 000 | 00605nam a22001815i 4500 | ||
|---|---|---|---|
| 001 | 48661 | ||
| 003 | ES-MaACL | ||
| 005 | 20230906161808.0 | ||
| 007 | t| | ||
| 008 | 940202s1853 sp ||||1| spa d | ||
| 040 |
_aCAM _bspa |
||
| 100 | 1 |
_aDíaz de Baeza, Juan. _944215 |
|
| 245 | 1 | 0 |
_aPrograma de religión y moral _b: que cumpliendo con lo dispuesto en el art. 154 del reglamento de estudios de 1847 / _cpublicó el presbítero Juan Díiaz de Baeza. |
| 250 | _a2ª ed. | ||
| 260 |
_aMadrid : _b[s.n.], _c1853 ( _fImp. de Joaquín Muñoz) |
||
| 300 |
_a168 p. ; _c16 cm. |
||
| 852 |
_aES-MaACL _jD-3854 |
||
| 999 |
_c48661 _d48661 |
||